LEADER 01040nam0 22002771i 450 001 UON00529043 005 20250716120437.641 010 $a978-11-387-8417-8 100 $a20250716d2014 |0itac50 ba 101 $aeng 102 $aGB 105 $a|||| ||||| 200 1 $aˆThe ‰Making of Western Indology$eHenry Thomas Colebrooke and the East India Company /Rosane Rocher and Ludo Rocher 210 $aAbingdon$cRoutledge$d2014 215 $axiv, 238 p.$cill.$d24 cm 620 $aGB$dAbingdon (Oxon)$3UONL000629 700 1$aROCHER$bRosane$3UONV089249$01831573 701 1$aROCHER$bLudo$3UONV014846$0642145 712 $aRoutledge$3UONV248939$4650 801 $aIT$bSOL$c20250718$gRICA 899 $aSIBA - SISTEMA BIBLIOTECARIO DI ATENEO$2UONSI 912 $aUON00529043 950 $aSIBA - SISTEMA BIBLIOTECARIO DI ATENEO$dSI SI SHIVA 380 $eSI 53029 7 380 996 $aMaking of Western Indology$94404044 997 $aUNIOR 998 $a1